Análisis Vocacional y Grupos /

Guardado en:
Detalles Bibliográficos
Autor principal: Foladori, Horacio (autor)
Formato: Libro
Idioma:Español
Colección:(Ciencias Sociales e Historia)
Temas:
Etiquetas: Agrega una etiqueta
Sin etiquetas, Sé el primero en etiquetar este registro!

MARC

LEADER 00000nam^a2200000^a^4500
001 000071981
005 20250521000000.0
009 20260310091537.388
037 |a Acervo ITESO - Biblioteca 
041 |a ESP 
082 |a 157. 91  |b FOL 
100 |a Foladori, Horacio  |e (autor) 
245 1 0 |a Análisis Vocacional y Grupos /  |c H. Foladori. 
264 |a México :  |b Universidad Autónoma del Estado de Morelos,  |c 1985 
300 |a 106 p. 
336 |a texto  |b txt  |2 rdacontenido 
337 |a sin mediación  |b n  |2 rdamedio 
338 |a volumen  |b nc  |2 rdasoporte 
440 1 |a (Ciencias Sociales e Historia) 
649 |a XX 
650 |a Psicoanálisis -  |x Técnica 
650 |a Psicoanálisis -  |x Técnica 
650 |a Dinámica de Grupos 
910 |a Fondo Armando Suárez Gómez 
920 |a Impresos - Libros 
930 |a Fondos Especiales 
905 |a 111 
901 |a 0700002986  |b IT2  |c ESP  |u 20250521 
902 |a https://opac.biblio.iteso.mx/vufind/Record/000071981